000
00440nam a2200145Ia 4500
008
100122s9999 xx 000 0 und d
082
_b
60937
_a
821
100
_a
जोशी विजया
245
_a
ओव्यांची जादू
260
_b
विजया र. जोशी
_c
2001
300
_a
55
630
_a
ओव्यांची जादू
730
_a
ओव्यांची जादू
942
_c
BOOK
999
_c
435902
_d
435899